000 00702nam a2200241Ia 4500
001 16131
003 GE_BSU
008 181216s||||||||xx |||||||||||||| ||und||
020 _a9788131700532
040 _cGE_BSU
080 _a519.688+004
100 _aFausett,Laurene
245 _aFundamentals of Neural Networks.
245 _bArchitectures, Algoritms and Applications
260 _c1994
300 _a467p.24cm.
541 _h340 L.
653 _aArchitectures, Algoritms and Applications
653 _aFundamentals of Neural Networks.
653 _aინფორმატიკა
653 _aსაინფორმაციო ტექნოლოგიები
942 _cBK
999 _c49219
_d49219